Songs in ? by XXXTentacion - Statistics

General Stats
  • This quiz has been taken 109 times
  • The average score is 10 of 18
Answer Stats
Answer % Correct
$$$
100%
SAD!
91%
Moonlight
85%
changes
63%
Hope
63%
Floor 555
54%
NUMB
54%
ALONE, PART 3
53%
going down!
53%
infinity (888)
53%
I don't even speak spanish lol
51%
SMASH!
49%
before I close my eyes
43%
schizophrenia
41%
Pain = BESTFRIEND
38%
love yourself (interlude)
30%
the remedy for a broken heart (why am I so in love
29%
Introduction (instructions)
20%
No matching quizzes found
Score Distribution
Percent of People with Each Score
Percentile by Number Answered
Your Score History
You have not taken this quiz